<?xml version="1.0" encoding="UTF-8"?>
<collection xmlns="http://www.loc.gov/MARC21/slim">
 <record>
  <leader>00367pamaa2200133   4500</leader>
  <controlfield tag="001">0000021436</controlfield>
  <controlfield tag="005">20061012090000.0</controlfield>
  <datafield tag="020" ind1="0" ind2="0">
   <subfield code="a">0525934723 (hard) </subfield>
  </datafield>
  <datafield tag="090" ind1="0" ind2="0">
   <subfield code="a">PS3558.O689 </subfield>
   <subfield code="b">HOR 1992</subfield>
  </datafield>
  <datafield tag="100" ind1="1" ind2="0">
   <subfield code="a">HORNSBY </subfield>
  </datafield>
  <datafield tag="245" ind1="1" ind2="0">
   <subfield code="a">Telling lies : </subfield>
   <subfield code="b">a Maggie MacGowen mystery  </subfield>
   <subfield code="c">Wendy Hornsby.</subfield>
  </datafield>
  <datafield tag="260" ind1="0" ind2="0">
   <subfield code="a">New York: </subfield>
   <subfield code="b">Dutton/Penguin Book, </subfield>
   <subfield code="c">1992.</subfield>
  </datafield>
  <datafield tag="300" ind1=" " ind2=" ">
   <subfield code="a">245p.; </subfield>
   <subfield code="c">22cm.</subfield>
  </datafield>
  <datafield tag="650" ind1="0" ind2="0">
   <subfield code="a">Fiction </subfield>
  </datafield>
 </record>
</collection>
